LEADER 04762oam 22010574 450 001 9910788520403321 005 20230721050728.0 010 $a1-4552-7234-5 010 $a1-4527-2124-6 010 $a1-280-89114-9 010 $a9786613732453 010 $a1-4518-7831-1 035 $a(CKB)3360000000438458 035 $a(EBL)1607693 035 $a(SSID)ssj0001474339 035 $a(PQKBManifestationID)11841803 035 $a(PQKBTitleCode)TC0001474339 035 $a(PQKBWorkID)11454778 035 $a(PQKB)10984210 035 $a(OCoLC)535146998 035 $a(MiAaPQ)EBC1607693 035 $a(IMF)1CMREE2008002 035 $a(IMF)1CMREA2008002 035 $a(EXLCZ)993360000000438458 100 $a20020129d2008 uf 0 101 0 $aeng 135 $aur|n|---||||| 181 $ctxt 182 $cc 183 $acr 200 10$aCameroon : $ePoverty Reduction Strategy Paper-Progress Report- Joint Staff Advisory Note 210 1$aWashington, D.C. :$cInternational Monetary Fund,$d2008. 215 $a1 online resource (9 p.) 225 1 $aIMF Staff Country Reports 300 $aDescription based upon print version of record. 311 $a1-4518-0825-9 327 $a""Cover""; ""Cameroon: Poverty Reduction Strategy Papera???Progress Reporta??? Joint Staff Advisory Note""; ""I. OVERVIEW""; ""II. STRATEGIC PILLARS FOR POVERTY REDUCTION""; ""A. Promoting a Stable Macroeconomic Environment""; ""B. Growth and Economic Diversification""; ""C. Strengthening Human Resource Development and Bolstering Social Services""; ""D. Improving Governance""; ""E. Monitoring and Evaluation Systems""; ""III. CONCLUSION"" 330 3 $aThe fourth annual progress report on the implementation of the Poverty Reduction Strategy (PRS) provides a generally candid review of achievements and obstacles in implementation during 2006. The current report incorporates to a limited extent IMF staff recommendations from the previous Joint Staff Advisory Note (JSAN). The ongoing preparation of an updated PRS provides an opportunity to address more forcefully growth bottlenecks in Cameroon. The report covers a period of good external and fiscal performance, but accompanied by a significant decline in economic growth. 410 0$aIMF Staff Country Reports; Country Report ;$vNo. 2008/002 606 $aPoverty$xGovernment policy$zCameroon 606 $aPublic Finance$2imf 606 $aSocial Services and Welfare$2imf 606 $aGovernment Policy$2imf 606 $aProvision and Effects of Welfare Program$2imf 606 $aNational Government Expenditures and Related Policies: Infrastructures$2imf 606 $aOther Public Investment and Capital Stock$2imf 606 $aNational Budget, Deficit, and Debt: General$2imf 606 $aNational Government Expenditures and Related Policies: General$2imf 606 $aSocial welfare & social services$2imf 606 $aPublic finance & taxation$2imf 606 $aBudgeting & financial management$2imf 606 $aPoverty reduction strategy$2imf 606 $aPublic investment and public-private partnerships (PPP)$2imf 606 $aBudget execution and treasury management$2imf 606 $aPublic financial management (PFM)$2imf 606 $aPoverty reduction$2imf 606 $aPoverty$2imf 606 $aExpenditure$2imf 606 $aPublic-private sector cooperation$2imf 606 $aBudget$2imf 606 $aFinance, Public$2imf 607 $aCameroon$xEconomic conditions 607 $aCameroon$2imf 615 0$aPoverty$xGovernment policy 615 7$aPublic Finance 615 7$aSocial Services and Welfare 615 7$aGovernment Policy 615 7$aProvision and Effects of Welfare Program 615 7$aNational Government Expenditures and Related Policies: Infrastructures 615 7$aOther Public Investment and Capital Stock 615 7$aNational Budget, Deficit, and Debt: General 615 7$aNational Government Expenditures and Related Policies: General 615 7$aSocial welfare & social services 615 7$aPublic finance & taxation 615 7$aBudgeting & financial management 615 7$aPoverty reduction strategy 615 7$aPublic investment and public-private partnerships (PPP) 615 7$aBudget execution and treasury management 615 7$aPublic financial management (PFM) 615 7$aPoverty reduction 615 7$aPoverty 615 7$aExpenditure 615 7$aPublic-private sector cooperation 615 7$aBudget 615 7$aFinance, Public 676 $a362.5526 801 0$bDcWaIMF 906 $aBOOK 912 $a9910788520403321 996 $aCameroon$93670927 997 $aUNINA LEADER 01177nam0 22003011i 450 001 UON00429350 005 20231205104900.731 100 $a20130802d1962 |0itac50 ba 101 $aita 102 $aIT 105 $a|||| ||||| 200 1 $aˆI ‰templi greci$fHelmut Berve, Gottfried Gruben$gfotografie di Max Hirmer 210 $aFirenze$cSansoni$d1962 215 $a333 p., 176 p. di tav.$cill.$d31 cm 316 $aDono Prof. Naldi$5IT-UONSI H236 410 1$1001UON00429351$12001 $aˆLe ‰grandi civiltè artistiche 606 $aTEMPLI GRECI$3UONC032297$2FI 620 $aIT$dFirenze$3UONL000052 676 $a726$cEdifici per scopi religiosi (tombe,ecc.)$v21 700 1$aBERVE$bH.$3UONV059243$0663379 701 1$aGRUBEN$bGottfried$3UONV059698$036083 712 $aSansoni$3UONV246441$4650 801 $aIT$bSOL$c20240220$gRICA 899 $aSIBA - SISTEMA BIBLIOTECARIO DI ATENEO$2UONSI 912 $aUON00429350 950 $aSIBA - SISTEMA BIBLIOTECARIO DI ATENEO$dSI H 236 $eSI 6435 7 Dono Prof. Naldi 996 $aTempli greci$91335434 997 $aUNIOR LEADER 02874nam 2200697 a 450 001 9910961891703321 005 20200520144314.0 010 $a9786611965914 010 $a9781281965912 010 $a128196591X 010 $a9780226509600 010 $a0226509605 024 7 $a10.7208/9780226509600 035 $a(CKB)1000000000578574 035 $a(EBL)408229 035 $a(OCoLC)476228077 035 $a(SSID)ssj0000137504 035 $a(PQKBManifestationID)11150326 035 $a(PQKBTitleCode)TC0000137504 035 $a(PQKBWorkID)10087989 035 $a(PQKB)11289817 035 $a(MiAaPQ)EBC408229 035 $a(DE-B1597)523337 035 $a(OCoLC)1058681178 035 $a(DE-B1597)9780226509600 035 $a(Au-PeEL)EBL408229 035 $a(CaPaEBR)ebr10266042 035 $a(CaONFJC)MIL196591 035 $a(Perlego)1851406 035 $a(EXLCZ)991000000000578574 100 $a20061129d2007 uy 0 101 0 $aeng 135 $aur|n|---||||| 181 $ctxt 182 $cc 183 $acr 200 10$aDesiring Arabs /$fJoseph A. Massad 205 $a1st ed. 210 $aChicago $cUniversity of Chicago Press$d2007 215 $a1 online resource (469 p.) 300 $aDescription based upon print version of record. 311 08$a9780226509587 311 08$a0226509583 320 $aIncludes bibliographical references (p. 419-441) and indexes. 327 $aIntroduction -- Anxiety in civilization -- Remembrances of desires past -- Re-orienting desire: the gay international and the Arab world -- Sin, crimes, and disease: taxonomies of desires present -- Deviant fictions -- The truth of fictional desires -- Conclusion -- Works cited -- Name index -- Subject index. 330 $aSexual desire has long played a key role in Western judgments about the value of Arab civilization. In the past, Westerners viewed the Arab world as licentious, and Western intolerance of sex led them to brand Arabs as decadent; but as Western society became more sexually open, the supposedly prudish Arabs soon became viewed as backward. Rather than focusing exclusively on how these views developed in the West, in Desiring Arabs Joseph A. Massad reveals the history of how Arabs represented their own sexual desires. To this aim, he assembles a massive and diverse compendium of Arabic writing fr 606 $aCivilization, Arab 606 $aArabs$xSexual behavior 607 $aArab countries$xForeign public opinion, Western 615 0$aCivilization, Arab. 615 0$aArabs$xSexual behavior. 676 $a306.70917/4927 686 $aMS 2850$2rvk 700 $aMassad$b Joseph Andoni$f1963-$01805571 801 0$bMiAaPQ 801 1$bMiAaPQ 801 2$bMiAaPQ 906 $aBOOK 912 $a9910961891703321 996 $aDesiring Arabs$94354246 997 $aUNINA